000 00824nam a22002177a 4500
999 _c14001
_d14001
003 AR-CdUCM
008 190417b ||||| |||| 00| 0 spa d
040 _aMUNICIPALIDAD PROVINCIAL DEL CUSCO
_cBIBLIOTECA MUNICIPAL DEL CUSCO
082 _a 370.118 /
_bV32
100 _aVargas Cornejo, Abel
_932653
245 _aEducación para la creatividad :
_bTemas y técnicas fundamentales de creatividad /
260 _aCusco :
_bQosqo,
_c1997.
300 _a40 páginas ;
_c21 cm.
505 _aContenido : Presentación -- La creatividad -- Naturaleza de creatividad -- Criterios de creatividad -- Obtaculos de la creatividad ...
650 _aEducación
_9460
650 _aCreatividad
_913632
650 _aTécnicas
_9975
700 _aMora Meza, Carmen Luisa
_932654
942 _2ddc
_cLIBROS
945 _arah
_d17/04/2019